[Event "Winnipeg TNT April op"]
[Site "Winnipeg CAN"]
[Date "1999.04.20"]
[Round "3"]
[White "Gibson, Kris"]
[Black "Schulz, Waldemar"]
[Result "0-1"]
[WhiteElo "1745"]
[BlackElo "2074"]
[PlyCount "90"]
[GameId "2160767911805225"]
[EventDate "1999.04.06"]
[EventType "swiss"]
[EventRounds "4"]
[EventCountry "CAN"]

1. e4 c5 2. Nf3 e6 3. d4 cxd4 4. Nxd4 a6 5. c4 Nf6 6. Nc3 Bb4 7. Bg5 Bxc3+ 8. bxc3 Qa5 9. Bxf6 Qxc3+ 10. Ke2 gxf6 11. Rc1 Qa5 12. Rc2 O-O 13. f4 Nc6 14. Nf3 b5 15. c5 Qc7 16. Qd2 Bb7 17. f5 Kg7 18. h4 Rad8 19. Rh3 d5 20. e5 Nxe5 21. Qf4 exf5 22. Nd4 Bc8 23. Rg3+ Kh8 24. Rcc3 Rg8 25. h5 Qe7 26. Kd1 Rg5 27. Rce3 Rdg8 28. Rxg5 Rxg5 29. Nc6 Qxc5 30. Nxe5 Be6 31. h6 Qf8 32. g4 Qxh6 33. gxf5 Qh5+ 34. Be2 Rxf5 35. Bxh5 Rxf4 36. Nxf7+ Bxf7 37. Bxf7 Kg7 38. Bh5 Kh6 39. Be2 Kg5 40. Rd3 d4 41. Rg3+ Kh4 42. Rg7 h5 43. Ra7 d3 44. Bxd3 Ra4 45. Bxb5 axb5 0-1

[Event "Winnipeg TNT April op"]
[Site "Winnipeg CAN"]
[Date "1999.04.20"]
[Round "3"]
[White "Moffat, Ron"]
[Black "Czypinski, Jaroslaw"]
[Result "0-1"]
[WhiteElo "1669"]
[BlackElo "1954"]
[PlyCount "82"]
[GameId "2160767911805226"]
[EventDate "1999.04.06"]
[EventType "swiss"]
[EventRounds "4"]
[EventCountry "CAN"]

1. d4 Nf6 2. c4 e6 3. Nc3 Bb4 4. e3 c5 5. Nf3 O-O 6. Bd3 d5 7. O-O cxd4 8. Nxd4 Bxc3 9. bxc3 dxc4 10. Bxc4 Qc7 11. Qb3 Nc6 12. Nxc6 Qxc6 13. Ba3 Rd8 14. Be7 Rd2 15. Bxf6 gxf6 16. Rad1 Rxd1 17. Rxd1 Bd7 18. Rd4 b5 19. Be2 Rc8 20. Qd1 Be8 21. c4 b4 22. Bd3 f5 23. e4 Qc5 24. Be2 f4 25. g3 Qg5 26. Qd2 a5 27. h4 Qf6 28. Qd1 a4 29. c5 Bc6 30. Bf3 fxg3 31. fxg3 Qe5 32. Kg2 Qxc5 33. h5 Bb5 34. Kh3 Bf1+ 35. Kh4 Qe7+ 36. Kg4 e5 37. Rd7 Qe6+ 38. Kh4 Qh3+ 39. Kg5 Qxg3+ 40. Bg4 Qf4+ 41. Kh4 Qf2+ 0-1

[Event "Winnipeg TNT April op"]
[Site "Winnipeg CAN"]
[Date "1999.04.27"]
[Round "4"]
[White "Czypinski, Jaroslaw"]
[Black "Greenberg, Harley"]
[Result "1-0"]
[WhiteElo "1954"]
[BlackElo "1728"]
[PlyCount "73"]
[GameId "2160767911805227"]
[EventDate "1999.04.06"]
[EventType "swiss"]
[EventRounds "4"]
[EventCountry "CAN"]

1. e4 c5 2. c3 e6 3. d4 d5 4. e5 b6 5. Nf3 Nc6 6. a3 c4 7. Bg5 Be7 8. Bxe7 Qxe7 9. g3 Nh6 10. Nh4 O-O 11. f4 f6 12. Nf3 fxe5 13. fxe5 g5 14. Be2 Ng4 15. Qd2 Nf2 16. Kxf2 g4 17. Qe3 Qf7 18. Qg5+ Qg7 19. Qxg7+ Kxg7 20. Ke3 gxf3 21. Bxf3 Nxe5 22. dxe5 d4+ 23. cxd4 Rxf3+ 24. Kxf3 Bb7+ 25. Ke3 Bxh1 26. Nd2 Bd5 27. Ne4 Rf8 28. Nf6 b5 29. Rf1 a5 30. Kd2 b4 31. axb4 axb4 32. Nh5+ Kg8 33. Rxf8+ Kxf8 34. Nf6 Ke7 35. Nxh7 c3+ 36. bxc3 b3 37. Kc1 1-0

[Event "Winnipeg TNT April op"]
[Site "Winnipeg CAN"]
[Date "1999.04.27"]
[Round "4"]
[White "Schulz, Waldemar"]
[Black "Milord, Frank"]
[Result "1-0"]
[WhiteElo "2086"]
[BlackElo "1760"]
[PlyCount "77"]
[GameId "2160767911805228"]
[EventDate "1999.04.06"]
[EventType "swiss"]
[EventRounds "4"]
[EventCountry "CAN"]

1. d4 d5 2. c4 c6 3. Nf3 e6 4. Nc3 f5 5. g3 Nf6 6. Bg2 Be7 7. O-O O-O 8. b3 Nbd7 9. Bb2 Bd6 10. Qc2 Ne4 11. Rad1 Ndf6 12. Ne5 Qe8 13. f3 Nxc3 14. Bxc3 c5 15. dxc5 Bxc5+ 16. Bd4 Nd7 17. Bxc5 Nxc5 18. cxd5 exd5 19. Qxc5 Qxe5 20. Qxd5+ Qe6 21. f4 Rb8 22. Rc1 Qxd5 23. Bxd5+ Kh8 24. Rc7 Rd8 25. Rfc1 Bd7 26. Bxb7 Be6 27. Re7 Rd7 28. Rc7 Rxc7 29. Rxc7 g6 30. Ba6 Ra8 31. Bc4 Bg8 32. Kf2 a5 33. e4 fxe4 34. Ke3 a4 35. Kxe4 axb3 36. axb3 Bxc4 37. bxc4 Rd8 38. c5 Kg8 39. Ke5 1-0

[Event "Winnipeg TNT April op"]
[Site "Winnipeg CAN"]
[Date "1999.04.27"]
[Round "4"]
[White "Weijs, Harry"]
[Black "Gibson, Kris"]
[Result "0-1"]
[WhiteElo "1666"]
[BlackElo "1746"]
[PlyCount "80"]
[GameId "2160767911805229"]
[EventDate "1999.04.06"]
[EventType "swiss"]
[EventRounds "4"]
[EventCountry "CAN"]

1. d4 d5 2. Nf3 c5 3. dxc5 Nc6 4. Bg5 Qa5+ 5. Nc3 e6 6. e3 Bxc5 7. Bb5 Bb4 8. Qd3 Bxc3+ 9. bxc3 Nge7 10. O-O a6 11. Bxc6+ Nxc6 12. e4 dxe4 13. Qxe4 Qxc3 14. Bd2 Qf6 15. c4 O-O 16. Rfe1 Qg6 17. Bc3 f5 18. Qf4 h6 19. Rad1 b5 20. Qc7 e5 21. Rd6 Rf6 22. Rxc6 Rxc6 23. Qd8+ Kh7 24. Nxe5 Rd6 25. Qe7 Qf6 26. Qxf6 gxf6 27. c5 Rd5 28. Nf3 Rxc5 29. Bxf6 Bb7 30. Nh4 Be4 31. f3 Rc6 32. fxe4 Rxf6 33. exf5 Rg8 34. Re7+ Rg7 35. Rxg7+ Kxg7 36. g4 Rc6 37. Nf3 Rc1+ 38. Kf2 Rc2+ 39. Ke1 Rxa2 40. Kd1 Rf2 0-1

[Event "Winnipeg TNT August op"]
[Site "Winnipeg CAN"]
[Date "1999.08.03"]
[Round "1"]
[White "Bays, Derek"]
[Black "Milord, Frank"]
[Result "1-0"]
[WhiteElo "1501"]
[BlackElo "1754"]
[PlyCount "81"]
[GameId "2160767911742762"]
[EventDate "1999.08.03"]
[EventType "swiss"]
[EventRounds "4"]
[EventCountry "CAN"]

1. e4 c5 2. c3 d5 3. exd5 Qxd5 4. d4 Nc6 5. Nf3 Bg4 6. Be2 cxd4 7. cxd4 e5 8. Nc3 Bb4 9. Bd2 Bxc3 10. Bxc3 e4 11. Ne5 Bxe2 12. Qxe2 Nf6 13. Rd1 O-O 14. O-O Rfe8 15. f3 exf3 16. Qxf3 Rad8 17. Nxc6 bxc6 18. a3 Re6 19. Qf2 Qh5 20. d5 Ng4 21. Qxf7+ Qxf7 22. Rxf7 Re1+ 23. Rxe1 Kxf7 24. Rf1+ Nf6 25. dxc6 Rc8 26. Bxf6 gxf6 27. Rc1 Ke6 28. b4 a6 29. a4 Kd6 30. b5 axb5 31. axb5 Kc7 32. Rf1 Rf8 33. Re1 Kb6 34. Re7 Kxb5 35. c7 Kc6 36. Rxh7 Rc8 37. Rf7 Rxc7 38. Rxf6+ Kd5 39. h4 Ke5 40. Rf1 Rc4 41. g3 1-0

[Event "Winnipeg TNT August op"]
[Site "Winnipeg CAN"]
[Date "1999.08.03"]
[Round "1"]
[White "Haapamaki, Eric"]
[Black "Trueman, Francis"]
[Result "1-0"]
[WhiteElo "1733"]
[BlackElo "1452"]
[PlyCount "71"]
[GameId "2160767911742763"]
[EventDate "1999.08.03"]
[EventType "swiss"]
[EventRounds "4"]
[EventCountry "CAN"]

1. e4 c6 2. d4 d5 3. Nc3 dxe4 4. Nxe4 Nd7 5. Bc4 Ngf6 6. Ng5 e6 7. Qe2 h6 8. N5f3 Bd6 9. Bd2 Qc7 10. O-O-O O-O 11. Re1 Re8 12. Ne5 c5 13. Nxd7 Bxd7 14. dxc5 Qxc5 15. Nf3 Rab8 16. Bd3 b5 17. h3 b4 18. g4 Bb5 19. Be3 Bxd3 20. Qxd3 Qc6 21. Nd4 Qa4 22. g5 Nd5 23. gxh6 g6 24. Kb1 Nf4 25. Qe4 e5 26. Bxf4 exd4 27. Qxd4 Bf8 28. b3 Qc6 29. Qd3 Rbd8 30. Qg3 Qf6 31. Bg5 Qc6 32. Bxd8 Rxd8 33. Qf4 Rc8 34. Qe4 Qf6 35. Qe3 Bc5 36. Qe5 1-0

[Event "Winnipeg TNT August op"]
[Site "Winnipeg CAN"]
[Date "1999.08.03"]
[Round "1"]
[White "Weijs, Harry"]
[Black "Gibson, Kris"]
[Result "0-1"]
[WhiteElo "1580"]
[BlackElo "1760"]
[PlyCount "126"]
[GameId "2160767911742764"]
[EventDate "1999.08.03"]
[EventType "swiss"]
[EventRounds "4"]
[EventCountry "CAN"]

1. d4 d5 2. Nf3 c6 3. Bg5 Qb6 4. Nbd2 Bf5 5. Nb3 Nd7 6. Bd2 Qc7 7. e3 e5 8. dxe5 Bg4 9. Bc3 Ne7 10. Qd4 Bxf3 11. gxf3 c5 12. Qa4 Ng6 13. Bh3 Be7 14. e6 fxe6 15. Bxe6 d4 16. exd4 Nf4 17. Bxd7+ Qxd7 18. Qxd7+ Kxd7 19. dxc5 Ng2+ 20. Kf1 Nh4 21. Rd1+ Ke8 22. Rd3 Rg8 23. Rg1 g6 24. Rg4 Nf5 25. Re4 Rd8 26. Rxd8+ Kxd8 27. Ra4 a6 28. c6 Kc7 29. cxb7 Kxb7 30. Nd4 Nd6 31. Bb4 Nc8 32. Bxe7 Nxe7 33. Ne6 Kb6 34. c4 Nc6 35. Ra3 Rc8 36. f4 Na5 37. c5+ Kb5 38. Rc3 Kc6 39. Nd4+ Kd5 40. Ne2 Rb8 41. b3 Rb7 42. Kg2 Rb4 43. Kf3 h5 44. Kg3 Nc6 45. a3 Rb5 46. b4 a5 47. Rd3+ Ke4 48. Re3+ Kf5 49. Nc3 Rb8 50. b5 Nd4 51. Re5+ Kf6 52. c6 Rc8 53. a4 Nxc6 54. Re6+ Kxe6 55. bxc6 Rxc6 56. Ne4 Rc4 57. f3 Kd5 58. Kh4 Kd4 59. Kg5 Rxa4 60. Kxg6 Ke3 61. f5 Kxf3 62. Ng5+ Kg4 63. Ne6 Re4 0-1

[Event "Winnipeg TNT August op"]
[Site "Winnipeg CAN"]
[Date "1999.08.03"]
[Round "1"]
[White "Xia, Yanchong"]
[Black "Ott, Richard"]
[Result "1-0"]
[WhiteElo "1755"]
[BlackElo "1525"]
[PlyCount "67"]
[GameId "2160767911742765"]
[EventDate "1999.08.03"]
[EventType "swiss"]
[EventRounds "4"]
[EventCountry "CAN"]

1. e4 c5 2. Nf3 d6 3. d4 cxd4 4. Nxd4 Nf6 5. Nc3 a6 6. Bg5 Nbd7 7. Bd3 e6 8. f4 Qc7 9. Qf3 b5 10. O-O-O Bb7 11. Rhg1 Nc5 12. Bxf6 gxf6 13. g4 b4 14. Nce2 O-O-O 15. Ng3 Nxd3+ 16. Qxd3 d5 17. Qe3 Bc5 18. e5 fxe5 19. fxe5 Kb8 20. Qf4 Rc8 21. Rg2 Qa5 22. Kb1 Qb6 23. Nb3 Be3 24. Qxf7 d4 25. Re2 Rhf8 26. Qxh7 Bf3 27. Qg6 Bxe2 28. Nxe2 Qc6 29. Nexd4 Bxd4 30. Nxd4 Qg2 31. Qxe6 Rf1 32. Qb6+ Ka8 33. Qxa6+ Kb8 34. Qxf1 1-0

[Event "Winnipeg TNT August op"]
[Site "Winnipeg CAN"]
[Date "1999.08.10"]
[Round "2"]
[White "Gibson, Kris"]
[Black "Haapamaki, Eric"]
[Result "1-0"]
[WhiteElo "1760"]
[BlackElo "1733"]
[PlyCount "76"]
[GameId "2160767911742766"]
[EventDate "1999.08.03"]
[EventType "swiss"]
[EventRounds "4"]
[EventCountry "CAN"]

1. e4 c5 2. Nf3 d6 3. d4 cxd4 4. Nxd4 Nf6 5. Nc3 a6 6. a4 e5 7. Nb3 Be6 8. Bg5 Be7 9. Bxf6 Bxf6 10. Nd5 Be7 11. c4 Nd7 12. Bd3 Nb6 13. a5 Nxd5 14. exd5 Bd7 15. O-O O-O 16. f4 exf4 17. Qf3 Bg5 18. c5 dxc5 19. Nxc5 Bc8 20. Qe4 g6 21. Qc4 b6 22. axb6 Qxb6 23. b4 Rd8 24. Kh1 Bb7 25. Nxb7 Qxb7 26. Be4 Rab8 27. Rfb1 Rd6 28. Ra5 Bf6 29. h3 Rb6 30. Bf3 Rxb4 31. Rxb4 Qxb4 32. Qxb4 Rxb4 33. Kg1 Rb6 34. Kf1 Kf8 35. Ke2 Ke7 36. Kd3 Kd6 37. Kc4 Bh4 38. Ra2 Bf2 1-0

[Event "Winnipeg TNT August op"]
[Site "Winnipeg CAN"]
[Date "1999.08.10"]
[Round "2"]
[White "Moffat, Ron"]
[Black "Xia, Yanchong"]
[Result "0-1"]
[WhiteElo "1678"]
[BlackElo "1755"]
[PlyCount "58"]
[GameId "2160767911742767"]
[EventDate "1999.08.03"]
[EventType "swiss"]
[EventRounds "4"]
[EventCountry "CAN"]

1. d4 Nf6 2. c4 g6 3. Nc3 Bg7 4. e4 d6 5. Be2 O-O 6. Bg5 c5 7. d5 Qa5 8. Bd2 a6 9. a3 Nbd7 10. f4 Rb8 11. Nf3 b5 12. cxb5 axb5 13. b4 cxb4 14. axb4 Qxb4 15. Rb1 Qc5 16. Bxb5 Ng4 17. Qe2 Bxc3 18. Bd3 Rxb1+ 19. Bxb1 Bxd2+ 20. Qxd2 Qe3+ 21. Qxe3 Nxe3 22. g3 Ba6 23. Kf2 Ng4+ 24. Kg2 Rb8 25. Nd4 Rb2+ 26. Kf3 Nxh2+ 27. Ke3 Nf1+ 28. Kf3 Rxb1 29. Kf2 Nd2 0-1

[Event "Winnipeg TNT August op"]
[Site "Winnipeg CAN"]
[Date "1999.08.10"]
[Round "2"]
[White "Shpan, Mike"]
[Black "Schulz, Waldemar"]
[Result "0-1"]
[WhiteElo "1734"]
[BlackElo "2048"]
[PlyCount "116"]
[GameId "2160767911742768"]
[EventDate "1999.08.03"]
[EventType "swiss"]
[EventRounds "4"]
[EventCountry "CAN"]

1. e4 c5 2. Nf3 e6 3. Nc3 d6 4. d4 cxd4 5. Qxd4 Nc6 6. Bb5 Bd7 7. Bxc6 Bxc6 8. Bg5 Nf6 9. Bxf6 Qxf6 10. e5 dxe5 11. Nxe5 Rd8 12. Qe3 Bxg2 13. Rg1 Bc6 14. Rg4 Qh6 15. Qxh6 gxh6 16. Nxc6 bxc6 17. Rc4 Bd6 18. O-O-O Rg8 19. Kb1 Bxh2 20. Rxd8+ Kxd8 21. Kc1 Kc7 22. b4 a6 23. a4 Kb6 24. Rh4 Bd6 25. a5+ Kc7 26. Rc4 Rb8 27. Na2 Rb5 28. Kb2 Rf5 29. Kb3 Rxf2 30. Rg4 Rf3+ 31. c3 Rg3 32. Rh4 Bf8 33. Ka4 f5 34. Rh2 f4 35. Re2 Re3 36. Rg2 Re5 37. Nc1 f3 38. Rf2 Rf5 39. Nb3 e5 40. Nd2 h5 41. c4 h4 42. b5 cxb5+ 43. cxb5 axb5+ 44. Kb3 Bc5 45. Rf1 f2 46. Ne4 Bd4 47. Kb4 Rf4 48. Nc5 Bxc5+ 49. Kxc5 h3 50. Kxb5 h2 51. Rc1+ Kb8 52. Kb6 Rf6+ 53. Kc5 f1=Q 54. Rc3 h1=Q 55. Rb3+ Kc7 56. Rb6 Qc1+ 57. Kb4 Rf4+ 58. Kb3 Qd5# 0-1

[Event "Winnipeg TNT August op"]
[Site "Winnipeg CAN"]
[Date "1999.08.10"]
[Round "2"]
[White "Weijs, Harry"]
[Black "Bays, Derek"]
[Result "0-1"]
[WhiteElo "1580"]
[BlackElo "1501"]
[PlyCount "38"]
[GameId "2160767911742769"]
[EventDate "1999.08.03"]
[EventType "swiss"]
[EventRounds "4"]
[EventCountry "CAN"]

1. d4 Nf6 2. Nf3 g6 3. Bg5 Bg7 4. Nbd2 d5 5. c3 Nbd7 6. b4 b6 7. e3 c5 8. a3 O-O 9. Bb5 cxd4 10. cxd4 Bb7 11. Rc1 Rc8 12. O-O a6 13. Bxd7 Qxd7 14. Qb3 Rxc1 15. Rxc1 Rc8 16. Rxc8+ Qxc8 17. Ne5 Qc1+ 18. Nf1 Ne4 19. Nd3 Qa1 0-1

[Event "Winnipeg TNT August op"]
[Site "Winnipeg CAN"]
[Date "1999.08.17"]
[Round "3"]
[White "Haapamaki, Eric"]
[Black "Milord, Frank"]
[Result "1-0"]
[WhiteElo "1733"]
[BlackElo "1754"]
[PlyCount "51"]
[GameId "2160767911742770"]
[EventDate "1999.08.03"]
[EventType "swiss"]
[EventRounds "4"]
[EventCountry "CAN"]

1. e4 e5 2. Nf3 Nc6 3. Bb5 a6 4. Ba4 Nf6 5. O-O b5 6. Bb3 Bc5 7. c3 Bb6 8. Re1 O-O 9. d4 d6 10. h3 Bb7 11. d5 Nb8 12. Bg5 Nbd7 13. Nbd2 h6 14. Bh4 g5 15. Bg3 Nh5 16. Nf1 Qf6 17. N3h2 Nxg3 18. Ng4 Bxf2+ 19. Nxf2 Nxf1 20. Rxf1 Qg6 21. Ng4 Nc5 22. Rf6 Qg7 23. Bc2 Nd7 24. Rxh6 f5 25. exf5 Nf6 26. Rg6 1-0

[Event "Winnipeg TNT August op"]
[Site "Winnipeg CAN"]
[Date "1999.08.17"]
[Round "3"]
[White "Shpan, Mike"]
[Black "Moffat, Ron"]
[Result "1-0"]
[WhiteElo "1734"]
[BlackElo "1678"]
[PlyCount "167"]
[GameId "2160767911742771"]
[EventDate "1999.08.03"]
[EventType "swiss"]
[EventRounds "4"]
[EventCountry "CAN"]

1. e4 c5 2. Nf3 e6 3. d4 cxd4 4. Nxd4 a6 5. Be3 Nf6 6. Bd3 b5 7. Nd2 Bb7 8. c3 Qc7 9. Rc1 d5 10. exd5 Nxd5 11. O-O Bd6 12. Qh5 Nf6 13. Qh4 Nc6 14. Bg5 Ne5 15. Be4 Nxe4 16. Nxe4 Ng6 17. Nxd6+ Qxd6 18. Qh3 O-O 19. Rcd1 Qd5 20. Bc1 Qxa2 21. Qg3 Qd5 22. Rfe1 Rfe8 23. Nf3 Qc5 24. Ne5 Rad8 25. Rxd8 Rxd8 26. Nxg6 hxg6 27. h4 Qd5 28. Be3 Rc8 29. Bd4 b4 30. Re5 Qb3 31. h5 gxh5 32. Rg5 Qd1+ 33. Kh2 g6 34. Rxg6+ fxg6 35. Qxg6+ Kf8 36. Qg7+ Ke8 37. Qxb7 Rd8 38. Bc5 Rd7 39. Qc8+ Kf7 40. Qf8+ Kg6 41. Qe8+ Kf6 42. Qf8+ Kg6 43. Be7 Rxe7 44. Qxe7 Qd5 45. Qxb4 Qe5+ 46. g3 Qe2 47. Qb6 Kf5 48. b3 Qd3 49. Qc5+ Qd5 50. Qf8+ Ke4 51. Qf4+ Kd3 52. Qe3+ Kc2 53. c4 Qc6 54. f3 a5 55. Qe4+ Qxe4 56. fxe4 Kxb3 57. c5 a4 58. c6 a3 59. c7 a2 60. c8=Q a1=Q 61. Qxe6+ Kc2 62. e5 Qf1 63. Qf6 Qe2+ 64. Kg1 Qe1+ 65. Kg2 Qe4+ 66. Kf2 Qd4+ 67. Ke2 Qe4+ 68. Kf1 Qd3+ 69. Kg2 Qe4+ 70. Kg1 Qe1+ 71. Kg2 Qe4+ 72. Qf3 Qxe5 73. Kh3 Kd2 74. Qf4+ Qe3 75. Kh4 Ke2 76. Qxe3+ Kxe3 77. Kxh5 Kf3 78. g4 Kf4 79. g5 Kf5 80. Kh6 Ke6 81. Kg7 Kf5 82. g6 Kg5 83. Kf7 Kh6 84. g7 1-0

[Event "Winnipeg TNT August op"]
[Site "Winnipeg CAN"]
[Date "1999.08.17"]
[Round "3"]
[White "Xia, Yanchong"]
[Black "Gibson, Kris"]
[Result "0-1"]
[WhiteElo "1755"]
[BlackElo "1760"]
[PlyCount "92"]
[GameId "2160767911742772"]
[EventDate "1999.08.03"]
[EventType "swiss"]
[EventRounds "4"]
[EventCountry "CAN"]

1. e4 c5 2. Nf3 e6 3. d4 cxd4 4. Nxd4 a6 5. Nc3 Nc6 6. Nb3 Nf6 7. Bg5 Be7 8. f4 Qc7 9. Qf3 b5 10. O-O-O Bb7 11. Bd3 b4 12. Ne2 a5 13. Kb1 a4 14. Nbc1 a3 15. Nb3 axb2 16. Kxb2 e5 17. Bxf6 Bxf6 18. f5 O-O 19. g4 Nd4 20. Nexd4 Qc3+ 21. Kb1 exd4 22. Qg3 Ra3 23. g5 Bxe4 24. gxf6 g6 25. Bxe4 Rc8 26. Qxc3 bxc3 27. Rxd4 Rd8 28. fxg6 hxg6 29. Rc4 d5 30. Bxd5 Rxd5 31. Rc8+ Kh7 32. Rf1 Ra6 33. Rxc3 Rh5 34. Rf2 Re6 35. Rc7 Kg8 36. Rc8+ Kh7 37. Rf8 Ree5 38. Rxf7+ Kg8 39. Rg7+ Kf8 40. Rxg6 Ref5 41. Rxf5 Rxf5 42. h4 Kf7 43. Rh6 Rf4 44. Kb2 Ra4 45. c3 Kg8 46. Nd4 Ra6 0-1

[Event "Winnipeg TNT August op"]
[Site "Winnipeg CAN"]
[Date "1999.08.24"]
[Round "4"]
[White "Bays, Derek"]
[Black "Xia, Yanchong"]
[Result "0-1"]
[WhiteElo "1492"]
[BlackElo "1750"]
[PlyCount "76"]
[GameId "2160767911742773"]
[EventDate "1999.08.03"]
[EventType "swiss"]
[EventRounds "4"]
[EventCountry "CAN"]

1. e4 c5 2. c3 Nf6 3. e5 Nd5 4. Nf3 Nc6 5. d4 cxd4 6. cxd4 e6 7. a3 Be7 8. Bd3 d6 9. O-O O-O 10. Qc2 h6 11. Nc3 Nxc3 12. bxc3 b6 13. exd6 Qxd6 14. Be3 Bb7 15. Qc1 e5 16. Re1 Na5 17. Nd2 f5 18. Qc2 e4 19. Bc4+ Nxc4 20. Nxc4 Qd5 21. Ne5 f4 22. c4 Qe6 23. Bd2 Bd6 24. Rxe4 Bxe4 25. Qxe4 Bxe5 26. dxe5 g5 27. Bb4 Rfe8 28. Bd6 Rad8 29. Qd5 Kf7 30. Qd3 Rxd6 31. Qh7+ Kf8 32. Qh8+ Ke7 33. Qg7+ Kd8 34. Qxa7 Rd7 35. Qb8+ Ke7 36. Qd6+ Rxd6 37. exd6+ Kxd6 38. Rd1+ Kc5 0-1

[Event "Winnipeg TNT August op"]
[Site "Winnipeg CAN"]
[Date "1999.08.24"]
[Round "4"]
[White "Gibson, Kris"]
[Black "Shpan, Mike"]
[Result "1-0"]
[WhiteElo "1750"]
[BlackElo "1734"]
[PlyCount "100"]
[GameId "2160767911742774"]
[EventDate "1999.08.03"]
[EventType "swiss"]
[EventRounds "4"]
[EventCountry "CAN"]

1. e4 e6 2. d4 Nc6 3. c4 Bb4+ 4. Nc3 Qh4 5. Qd3 Nf6 6. Bd2 Bxc3 7. Bxc3 Qxe4+ 8. Qxe4 Nxe4 9. Nf3 d5 10. Bd3 f6 11. Bxe4 dxe4 12. Nd2 f5 13. b4 a6 14. Nb3 b6 15. O-O O-O 16. Rfe1 Ne7 17. a4 Bb7 18. a5 Rf6 19. axb6 cxb6 20. d5 Rg6 21. d6 Nc8 22. Be5 h5 23. d7 Ne7 24. Bc7 e3 25. g3 Nc6 26. b5 Nd8 27. Rxe3 f4 28. Bxf4 h4 29. Bc7 Kf7 30. Bxb6 Ke7 31. Nc5 axb5 32. Rxa8 Bxa8 33. Bxd8+ Kxd8 34. Nxe6+ Rxe6 35. Rxe6 Kxd7 36. Ra6 Bc6 37. Rxc6 Kxc6 38. cxb5+ Kxb5 39. g4 g5 40. Kg2 Kc5 41. f4 gxf4 42. Kf3 Kd5 43. Kxf4 Ke6 44. h3 Kf6 45. g5+ Ke6 46. Kg4 Ke5 47. Kh5 Kf5 48. g6 Kf6 49. Kh6 Ke6 50. Kh7 Kf5 1-0

[Event "Winnipeg TNT August op"]
[Site "Winnipeg CAN"]
[Date "1999.08.24"]
[Round "4"]
[White "Schulz, Waldemar"]
[Black "Haapamaki, Eric"]
[Result "1-0"]
[WhiteElo "2074"]
[BlackElo "1758"]
[PlyCount "95"]
[GameId "2160767911742775"]
[EventDate "1999.08.03"]
[EventType "swiss"]
[EventRounds "4"]
[EventCountry "CAN"]

1. d4 Nf6 2. Nf3 g6 3. c4 Bg7 4. Nc3 O-O 5. e4 d6 6. Be2 e5 7. dxe5 dxe5 8. Qxd8 Rxd8 9. Bg5 c6 10. Nxe5 h6 11. Bh4 g5 12. Bg3 Be6 13. Rd1 Rxd1+ 14. Kxd1 Nbd7 15. Nxd7 Nxd7 16. Kc2 Nb6 17. b3 Kf8 18. Rd1 Nd7 19. Bd6+ Ke8 20. Ba3 Ne5 21. h3 Ng6 22. Bc1 Be5 23. Be3 Nf4 24. Bf3 Ng6 25. Be2 Nf4 26. Bf1 b6 27. Ne2 Nxe2 28. Bxe2 Rd8 29. Rxd8+ Kxd8 30. c5 b5 31. Kd3 f5 32. Bf3 Ke7 33. Bd4 Kf6 34. exf5 Bxf5+ 35. Be4 Bxe4+ 36. Kxe4 Bxd4 37. Kxd4 Kf5 38. g3 h5 39. b4 a6 40. Ke3 Ke5 41. f4+ gxf4+ 42. gxf4+ Kf5 43. Kf3 Kf6 44. Ke4 Ke6 45. f5+ Kf6 46. h4 Kf7 47. Ke5 Ke7 48. f6+ 1-0

[Event "Winnipeg TNT Autumn op"]
[Site "Winnipeg CAN"]
[Date "1999.09.14"]
[Round "1"]
[White "Hanrahan, Nigel"]
[Black "Czypinski, Jaroslaw"]
[Result "1/2-1/2"]
[WhiteElo "1633"]
[BlackElo "1953"]
[PlyCount "127"]
[GameId "2160767911742155"]
[EventDate "1999.09.14"]
[EventType "swiss"]
[EventRounds "6"]
[EventCountry "CAN"]

1. Nf3 Nf6 2. c4 c5 3. g3 Nc6 4. Bg2 g6 5. Nc3 Bg7 6. O-O O-O 7. d3 d6 8. Rb1 Bg4 9. Bg5 Qd7 10. Qd2 Bh3 11. Bh6 Bxg2 12. Kxg2 Rad8 13. Bxg7 Kxg7 14. h4 d5 15. cxd5 Nxd5 16. Nxd5 Qxd5 17. Qc3+ f6 18. Qc4 Qxc4 19. dxc4 Nd4 20. Nxd4 Rxd4 21. Rfc1 Rd2 22. Kf1 Rfd8 23. Ke1 R8d6 24. a4 R2d4 25. b3 Rb6 26. Rd1 Re4 27. e3 Kf7 28. Ke2 Ke8 29. f3 Ree6 30. Rd5 Rbc6 31. Rbd1 Red6 32. Rxd6 exd6 33. Rd3 Ke7 34. Kd2 Ke6 35. Rd5 Rb6 36. Kc3 Rb4 37. g4 b6 38. e4 a6 39. g5 b5 40. axb5 axb5 41. gxf6 bxc4 42. bxc4 Ra4 43. Kb3 Rb4+ 44. Kc3 Ra4 45. Kb3 Ra7 46. h5 gxh5 47. Rxh5 Kxf6 48. f4 Rd7 49. Ka4 Rg7 50. Kb5 Rg4 51. Rxh7 Rxf4 52. Kc6 Ke5 53. Re7+ Kd4 54. Kxd6 Kxc4 55. e5 Kd4 56. e6 c4 57. Rc7 Re4 58. e7 Kd3 59. Kd5 Rd4+ 60. Ke6 Re4+ 61. Kd7 c3 62. Rxc3+ Kxc3 63. e8=Q Rxe8 64. Kxe8 1/2-1/2

[Event "Winnipeg TNT Autumn op"]
[Site "Winnipeg CAN"]
[Date "1999.09.14"]
[Round "1"]
[White "Schulz, Waldemar"]
[Black "Charter, Bennet"]
[Result "1-0"]
[WhiteElo "2082"]
[BlackElo "1673"]
[PlyCount "69"]
[GameId "2160767911742156"]
[EventDate "1999.09.14"]
[EventType "swiss"]
[EventRounds "6"]
[EventCountry "CAN"]

1. d4 d5 2. c4 c6 3. Nf3 e6 4. Nc3 dxc4 5. a4 Bb4 6. Bd2 b5 7. e3 a5 8. axb5 Bxc3 9. Bxc3 cxb5 10. b3 Bb7 11. bxc4 b4 12. Bb2 Nf6 13. Bd3 O-O 14. O-O Nbd7 15. Qc2 h6 16. Nd2 Qc7 17. e4 Rfc8 18. Rfc1 Ng4 19. e5 h5 20. Be4 Nh6 21. Qd1 g6 22. d5 Ng4 23. dxe6 Ndxe5 24. exf7+ Qxf7 25. Bxb7 Qxb7 26. Qe2 Re8 27. h3 Nxf2 28. Bxe5 Nxh3+ 29. gxh3 Qe7 30. Nf3 Qc5+ 31. Qf2 Rxe5 32. Nxe5 Qxe5 33. Rf1 Qe7 34. Qg2 Ra6 35. Qd5+ 1-0

[Event "Winnipeg TNT Autumn op"]
[Site "Winnipeg CAN"]
[Date "1999.09.14"]
[Round "1"]
[White "Xia, Yanchong"]
[Black "Weijs, Harry"]
[Result "1-0"]
[WhiteElo "1814"]
[BlackElo "1539"]
[PlyCount "55"]
[GameId "2160767911742157"]
[EventDate "1999.09.14"]
[EventType "swiss"]
[EventRounds "6"]
[EventCountry "CAN"]

1. e4 d5 2. exd5 Nf6 3. Nf3 Nxd5 4. g3 g6 5. Bg2 Bg7 6. O-O c6 7. d4 Bf5 8. Nh4 Bd7 9. Nc3 e6 10. Re1 O-O 11. Nf3 f6 12. Re4 f5 13. Re1 Na6 14. Bg5 Nf6 15. Ne5 Nc7 16. Qd2 Qe8 17. Na4 Rb8 18. Nc5 Bc8 19. c4 Qe7 20. Bxc6 Na6 21. Nxa6 bxa6 22. d5 Rd8 23. Rad1 Qc5 24. b3 Rd6 25. Nd3 Qb6 26. c5 Nxd5 27. cxb6 Bc3 28. Qc2 1-0

[Event "Winnipeg TNT Autumn op"]
[Site "Winnipeg CAN"]
[Date "1999.09.21"]
[Round "2"]
[White "Charter, Bennet"]
[Black "Trueman, Francis"]
[Result "1-0"]
[WhiteElo "1690"]
[BlackElo "1504"]
[PlyCount "79"]
[GameId "2160767911742158"]
[EventDate "1999.09.14"]
[EventType "swiss"]
[EventRounds "6"]
[EventCountry "CAN"]

1. e4 c6 2. d4 d5 3. Nd2 dxe4 4. Nxe4 Nd7 5. Nf3 Ngf6 6. Nxf6+ Nxf6 7. h3 Bf5 8. Bd3 Bxd3 9. Qxd3 e6 10. O-O Bd6 11. Bg5 O-O 12. Rad1 Qb6 13. b3 Nd7 14. c4 Bb4 15. Be3 Rad8 16. Qc2 Be7 17. Rfe1 Qc7 18. Ng5 Nf6 19. Nf3 Nd7 20. Bg5 Nf6 21. Bh4 c5 22. Bg3 Qb6 23. Be5 Nd7 24. Bf4 h6 25. d5 Nf6 26. dxe6 fxe6 27. Rxd8 Bxd8 28. Bxh6 Nh5 29. Qg6 e5 30. Nxe5 Qxg6 31. Nxg6 gxh6 32. Nxf8 Kxf8 33. Re5 Nf6 34. Rxc5 Ne4 35. Rf5+ Kg7 36. Rd5 Bb6 37. Rd7+ Kf6 38. Rxb7 Bxf2+ 39. Kf1 Ke5 40. Re7+ 1-0